| 000 | 00431 a2200097 4500 | ||
|---|---|---|---|
| 245 | 0 | 0 |
_aCAMAC Blokowy system oprzyrządowania elektronicznego do pomiarów - automatycznych i sterowania Organizacja logiczna wielokasetowego systemu równoległego PN-75/T-06532 / _cInst. Badań Jądrow.. |
| 246 | 1 | 3 | _aPN-75/T-06532 |
| 246 | 1 | 3 | _a681.322.56:62-503.55 |
| 260 |
_aWarszawa : _bInst. Badań Jądrow., _c1975. |
||
| 300 |
_a4 stron ; _c30 cm. |
||
| 650 | _aPolska norma | ||
| 999 |
_c21050 _d21050 |
||